000 00463nam a2200169Ia 4500
008 090711s9999 xx 000 0 und d
082 _b72780
100 _aजोशी भा. पं.
245 _aआवळा लागवड
260 _c1992
300 _a86
600 _aजोशी भा. पं.
630 _aआवळा लागवड
700 _aजोशी भा. पं.
730 _aआवळा लागवड
942 _cBOOK
999 _c284111
_d284111